00253nam a2200097Ia 4500008004000000082001300040100002600053245002800079260004100107300000700148210210b1965 xxu||||| |||| 00| 0 eng d a824 LADR aLADY BIRD BOOK SERIES aRichard the lion heart. aEnglandbWills & Hepworth Ltd.c1965 a50